Το εγώ και οι μηχανισμοί άμυνας
Saved in:
| Main Author: | |
|---|---|
| Format: | Book |
| Language: | Greek |
| Published: |
Αθήνα :
Καστανιώτης,
1978.
|
| Series: | Σύγχρονη ψυχαναλυτική βιβλιοθήκη. Ψυχανάλυση και κοινωνία (Καστανιώτης)
; 8 |
| Subjects: | |
| Tags: |
Add Tag
No Tags, Be the first to tag this record!
|
MARC
| LEADER | 00000cam a2200000 i 4500 | ||
|---|---|---|---|
| 001 | 1/72410 | ||
| 008 | 960506s1978 gr | ||| |||| ||gre|| | ||
| 035 | |a 1988 |b 2 |c Αγορά/Καϊλα |l 10031232 | ||
| 040 | |a GR-MY-UA |b gre |e aacr | ||
| 041 | 0 | |a gre | |
| 082 | 7 | |a 154.2 |2 (22) | |
| 100 | 1 | |a Freud, Anna, |d 1895-1982. | |
| 245 | 1 | 3 | |a Το εγώ και οι μηχανισμοί άμυνας / |c Άννα Φρόυντ. |
| 260 | |a Αθήνα : |b Καστανιώτης, |c 1978. | ||
| 300 | |a 179 σ. ; |c 24 εκ. | ||
| 490 | 1 | |a (Σύγχρονη ψυχαναλυτική βιβλιοθήκη. Ψυχανάλυση και κοινωνία / Καστανιώτης ; |v 8) | |
| 650 | 0 | 0 | |a Ego (Psychology) |
| 650 | 0 | 0 | |a Defense mechanisms (Psychology) |
| 830 | 0 | |a Σύγχρονη ψυχαναλυτική βιβλιοθήκη. Ψυχανάλυση και κοινωνία (Καστανιώτης) |v ; 8 | |
| 852 | |a INST |b RHODES |e 19960506 |h 154.2 FRE |p 005400003713 |q 005400003713 |t BK |y 0 | ||
| 909 | |a Ρ |b 011555 | ||
| 970 | |z 06/05/1996 | ||